| 000 | 00642cam a22002411 4500 | ||
|---|---|---|---|
| 001 | sa 65001991 | ||
| 003 | DLC | ||
| 005 | 20260227112113.0 | ||
| 008 | 850406s1964 ii 000 1 benx | ||
| 010 | _asa 65001991 | ||
| 025 | _aPL480:I-B-1500 | ||
| 035 | _a(OCoLC)13888654 | ||
| 040 |
_aDLC _cNN _dDLC |
||
| 042 | _apremarc | ||
| 050 | 0 | 0 |
_aPK1718.B39 _bD8 |
| 100 | 1 |
_aBasu, Samareśa, _d1924-1988. |
|
| 245 | 1 | 0 |
_aDui araṇya. _c[Lekhaka] Samareśa Basu. |
| 250 | _a[Prathama saṃskaraṇa] | ||
| 260 |
_aKalikātā, _bĀnanda Pābaliśārsa _c[1964] |
||
| 300 |
_a248 p. _c23 cm. |
||
| 500 | _aIn Bengali. | ||
| 500 | _aA novel. | ||
| 999 |
_c62362 _d62362 |
||